| 000 | 00514nam a22001697a 4500 | ||
|---|---|---|---|
| 003 | OSt | ||
| 005 | 20140310182526.0 | ||
| 008 | 130222t xxu||||| |||| 00| 0 eng d | ||
| 020 | _a9780814480571 | ||
| 050 |
_aRJ 216 _b.R835 2008 |
||
| 100 |
_aRubin, Stacey H. _99535 |
||
| 245 |
_aThe ABCs of breastfeeding : _cStacey H. Rubin _beverything a mom needs to know for a happy nursing experience / |
||
| 260 |
_aNew York : _bAMACOM, _cc2008. |
||
| 300 |
_a272 p. : _c23 cm. |
||
| 942 |
_2lcc _cSSLC |
||
| 999 |
_c14075 _d14075 |
||